Statistics for Departments of El Salvador

Click here to take the quiz!

General Stats

  • This quiz has been taken 81 times
  • The average score is 8 of 14

Answer Stats

Population Department % Correct
1,737,975San Salvador
96%
567,261Santa Ana
83%
476,007San Miguel
75%
260,118La Unión
73%
325,942La Paz
63%
738,671La Libertad
58%
172,489San Vicente
56%
164,828Cabañas
54%
203,587Chalatenango
52%
363,288Usulután
50%
198,174Morazán
48%
248,557Cuscatlán
46%
331,235Ahuachapán
44%
461,130Sonsonante
10%

Score Distribution

Percentile by Number Answered

Percent of People with Each Score

Your Score History

You have not taken this quiz